00667nam a2200193 a 450000100100000000500170001000800410002704000250006808200150009310000470010824500510015526000500020630000250025649000200028183000270030104900090032895201190033799900170045600002544620200930023808.0110216s1968 mx r 000 p spa d aDO-SdBNPbspacBNPHU aNNNbM779p1 aMontes de Oca, Marco Antoniod1932-95205510aPedir el fuego /cMarco Antonio Montes de Oca. aMéxico, D. F. :bJoaquín Mortiz,c[1968]. a83, [2] p. ;c22 cm.1 aLas dos orillas 0aLas dos orillas914092 aBNGR 001054708MOaGRbGRcCTd2011-02-16iLF1l0oNNN M779pp25446-10r2020-06-25w2020-06-25y4ZPréstamo en sala c24938d24938